000 00283nam a22001217a 4500
082 _a823
_bBLY/L
100 _aBLYTON, ENID
245 _aLAST TERM AT MALORY TOWERS
260 _aUNITED KINGDOM
_bHODDER
_c1951
300 _a171
650 _aENGLISH STORY
_zUNITED KINGDOM
942 _cBK
999 _c7228
_d7228